<?xml version="1.0" encoding="UTF-8"?>
<record
    xmlns:xsi="http://www.w3.org/2001/XMLSchema-instance"
    xsi:schemaLocation="http://www.loc.gov/MARC21/slim http://www.loc.gov/standards/marcxml/schema/MARC21slim.xsd"
    xmlns="http://www.loc.gov/MARC21/slim">

  <leader>01276nam a22003737a 4500</leader>
  <controlfield tag="003">CHAP</controlfield>
  <controlfield tag="005">20220329143344.0</controlfield>
  <controlfield tag="008">081202s2003    mx      r     00010 spa d</controlfield>
  <datafield tag="010" ind1=" " ind2=" ">
    <subfield code="a">95442</subfield>
  </datafield>
  <datafield tag="011" ind1=" " ind2=" ">
    <subfield code="a">96414</subfield>
  </datafield>
  <datafield tag="020" ind1=" " ind2=" ">
    <subfield code="a">9703204317</subfield>
  </datafield>
  <datafield tag="035" ind1=" " ind2=" ">
    <subfield code="a">107067</subfield>
  </datafield>
  <datafield tag="040" ind1=" " ind2=" ">
    <subfield code="c">CHAP</subfield>
  </datafield>
  <datafield tag="082" ind1="0" ind2="0">
    <subfield code="a">588.2</subfield>
    <subfield code="b">H75</subfield>
  </datafield>
  <datafield tag="245" ind1="0" ind2="0">
    <subfield code="a">Hongos micorriz&#xF3;genos arbusculares del Pedregal de San &#xC1;ngel</subfield>
    <subfield code="c">/por Laura Hern&#xE1;ndez Cuevas ...[et al.]</subfield>
  </datafield>
  <datafield tag="260" ind1=" " ind2=" ">
    <subfield code="a">M&#xE9;xico :</subfield>
    <subfield code="b">UNAM. Facultad de Ciencias,</subfield>
    <subfield code="c">2003</subfield>
  </datafield>
  <datafield tag="300" ind1=" " ind2=" ">
    <subfield code="a">82 p. :</subfield>
    <subfield code="b">ilus.</subfield>
  </datafield>
  <datafield tag="490" ind1=" " ind2="4">
    <subfield code="a">Las prensas de ciencias</subfield>
  </datafield>
  <datafield tag="590" ind1=" " ind2=" ">
    <subfield code="a">BATCH-UPD</subfield>
    <subfield code="b">10</subfield>
    <subfield code="c">20130110</subfield>
    <subfield code="l">UCH01</subfield>
    <subfield code="h">0508</subfield>
  </datafield>
  <datafield tag="590" ind1=" " ind2=" ">
    <subfield code="a">BATCH-UPD</subfield>
    <subfield code="b">10</subfield>
    <subfield code="c">20130110</subfield>
    <subfield code="l">UCH01</subfield>
    <subfield code="h">2222</subfield>
  </datafield>
  <datafield tag="590" ind1=" " ind2=" ">
    <subfield code="a">BATCH-UPD</subfield>
    <subfield code="b">10</subfield>
    <subfield code="c">20130410</subfield>
    <subfield code="l">UCH01</subfield>
    <subfield code="h">0145</subfield>
  </datafield>
  <datafield tag="590" ind1=" " ind2=" ">
    <subfield code="a">BATCH-UPD</subfield>
    <subfield code="b">10</subfield>
    <subfield code="c">20130410</subfield>
    <subfield code="l">UCH01</subfield>
    <subfield code="h">1631</subfield>
  </datafield>
  <datafield tag="590" ind1=" " ind2=" ">
    <subfield code="a">BATCH-UPD</subfield>
    <subfield code="b">10</subfield>
    <subfield code="c">20130914</subfield>
    <subfield code="l">UCH01</subfield>
    <subfield code="h">1620</subfield>
  </datafield>
  <datafield tag="590" ind1=" " ind2=" ">
    <subfield code="a">CONVERSION</subfield>
    <subfield code="b">10</subfield>
    <subfield code="c">20130109</subfield>
    <subfield code="l">UCH01</subfield>
    <subfield code="h">1353</subfield>
  </datafield>
  <datafield tag="650" ind1="1" ind2="4">
    <subfield code="a">Hongos.</subfield>
    <subfield code="9">56084</subfield>
  </datafield>
  <datafield tag="650" ind1="1" ind2="4">
    <subfield code="a">Hongos</subfield>
    <subfield code="x">Ecolog&#xED;a.</subfield>
    <subfield code="9">56098</subfield>
  </datafield>
  <datafield tag="650" ind1="1" ind2="4">
    <subfield code="a">Micorriza.</subfield>
    <subfield code="9">75486</subfield>
  </datafield>
  <datafield tag="650" ind1="1" ind2="4">
    <subfield code="a">Reserva Ecol&#xF3;gica del Pedregal de San &#xC1;ngel.</subfield>
    <subfield code="9">96106</subfield>
  </datafield>
  <datafield tag="700" ind1="1" ind2=" ">
    <subfield code="a">Hern&#xE1;ndez Cuevas, Laura.</subfield>
    <subfield code="9">53932</subfield>
  </datafield>
  <datafield tag="830" ind1=" " ind2="4">
    <subfield code="a">Las prensas de ciencias</subfield>
    <subfield code="9">65007</subfield>
  </datafield>
  <datafield tag="901" ind1=" " ind2=" ">
    <subfield code="a">BK</subfield>
  </datafield>
  <datafield tag="942" ind1=" " ind2=" ">
    <subfield code="c">LIBRO</subfield>
  </datafield>
  <datafield tag="949" ind1=" " ind2=" ">
    <subfield code="a">588.2 H75</subfield>
    <subfield code="b">BC</subfield>
    <subfield code="c">LIBRO</subfield>
    <subfield code="d">33724002078280</subfield>
    <subfield code="e">LIBRO</subfield>
    <subfield code="g">I.c/e</subfield>
    <subfield code="h">110333</subfield>
    <subfield code="i">107067</subfield>
    <subfield code="s">b</subfield>
    <subfield code="t">$30.00</subfield>
  </datafield>
  <datafield tag="999" ind1=" " ind2=" ">
    <subfield code="c">95442</subfield>
    <subfield code="d">95442</subfield>
  </datafield>
  <datafield tag="952" ind1=" " ind2=" ">
    <subfield code="0">0</subfield>
    <subfield code="1">0</subfield>
    <subfield code="2">ddc</subfield>
    <subfield code="4">0</subfield>
    <subfield code="5">2</subfield>
    <subfield code="7">0</subfield>
    <subfield code="8">GRAL</subfield>
    <subfield code="a">BC</subfield>
    <subfield code="b">BC</subfield>
    <subfield code="c">PA_GRAL</subfield>
    <subfield code="d">2019-12-31</subfield>
    <subfield code="e">I.c/e</subfield>
    <subfield code="f">LIBRO</subfield>
    <subfield code="l">0</subfield>
    <subfield code="o">588.2 H75</subfield>
    <subfield code="p">33724002078280</subfield>
    <subfield code="r">2019-12-31 00:00:00</subfield>
    <subfield code="w">2019-12-31</subfield>
    <subfield code="y">LIBRO</subfield>
  </datafield>
</record>
